Statistiken für ARD-Rundfunkanstalten

Klicken Sie hier um das Quiz zu spielen!

Allgemein

  • Dieses Quiz wurde 216 mal gespielt
  • Das Durchschnittsergebnis liegt bei 9 aus 16

Antwortstatistiken

Jahre Anstalt % Korrekt
seit 1956Norddeutscher Rundfunk
98%
seit 1992Mitteldeutscher Rundfunk
94%
seit 1956Westdeutscher Rundfunk
94%
seit 1998Südwestrundfunk
93%
seit 1950Bayerischer Rundfunk
91%
seit 1950Hessischer Rundfunk
82%
seit 2003Rundfunk Berlin-Brandenburg
74%
seit 1959Saarländischer Rundfunk
63%
seit 1950Radio Bremen
46%
1950-1998Süddeutscher Rundfunk
28%
1950-1998Südwestfunk
26%
1954-2003Sender Freies Berlin
20%
1950-1955Nordwestdeutscher Rundfunk
19%
1991-2003Ostdeutscher Rundfunk Brandenburg
16%
seit 1962Deutsche Welle
14%
1962-1994Deutschlandfunk
11%

Verteilung der Resultate

Perzentil nach korrekt beantworteten Fragen

Anzahl Personen mit jedem Resultat

Ihre Resultats-Entwicklung

Sie haben dieses Quiz noch nicht gespielt